000
00300nam a22001217a 4500
020
_a
81-7008-496-2
082
_a
004
_b
BAN/C
100
_a
RAMESH BANGIA
245
_a
COMPREHENSIVE INFORMATICS PRACTICES
_b
CLASS XI
260
_a
DELHI
_b
LAXMI PUBLICATIONS
650
_a
IP FOR CLASS XI
_z
INDIA
942
_c
BK
999
_c
563
_d
563